000 00958nam a22003017a 4500
001 BR9604728
003 BR-BrBNA
005 20230928095237.0
007 ta
008 230509b bl.||||| |||| 00| 0 por d
040 _aBR-BrBNA
_bpor
_cBiblioteca Nacional de Agricultura
041 _a(Por)
072 _aF63
_b3290
090 _ 3290 BR9604728
100 1 _aCastro, E.M. de
110 1 _aUniversidade Federal de Lavras, MG (Brasil)
_0Tese (Mestre em Agronomia)
245 1 _aEstudo de algumas caracteristicas ecofisiologicas na producao de mudas de Muntingia calabura L. em funcao de tipos de substratos e niveis de irradiancia
260 3 _aLavras, MG (Brasil):
_c1995.
300 _a48 p.
500 _aSummaries (Eng, Por); Bibliography p. 40-44; 15 tables
650 _aCalabura
650 _aMuda
650 _aIrradiacao
650 _aRadiacao
650 _aMeio de Cultura
909 _a202309
_bLucia
_c55
_dLucia Elande
942 _cBK
999 _c55395
_d55395